[Event "XXV Open"]
[Site "Collado Villalba ESP"]
[Date "2008.08.23"]
[Round "2"]
[White "Sanchez Guirado,F"]
[Black "Vukotic Jovsic,D"]
[Result "1-0"]
[WhiteElo "2415"]
[BlackElo "2069"]

1.Nf3 d5 2.d4 Nf6 3.c4 e6 4.g3 Be7 5.Bg2 O-O 6.O-O c6 7.Qc2 b6 8.b3 Qc7 9.Rd1 Bb7
10.Nc3 Nbd7 11.Bb2 Rfd8 12.Rac1 Rac8 13.e4 Nxe4 14.Nxe4 dxe4 15.Qxe4 Nf6
16.Qe2 c5 17.d5 exd5 18.Be5 Qd7 19.cxd5 Bxd5 20.Ng5 Qb7 21.Nxf7 Bxg2 22.Nxd8 Bxd8
23.Rc3 Bh3 24.f3 b5 25.g4 Bb6 26.Bxf6 c4+ 27.Bd4 Rd8 28.Bf2 Rxd1+ 29.Qxd1 h5
30.Qe2 Bxf2+ 31.Kxf2 Qc7 32.Qe8+  1-0

[Event "ch-SLO"]
[Site "Ljubljana SLO"]
[Date "2008.08.24"]
[Round "9"]
[White "Tratar,M"]
[Black "Zorko,Ju"]
[Result "1/2-1/2"]
[WhiteElo "2486"]
[BlackElo "2366"]

1.d4 Nf6 2.c4 e6 3.g3 d5 4.Nf3 Be7 5.Bg2 O-O 6.O-O dxc4 7.Qc2 a6 8.Qxc4 b5
9.Qc2 Bb7 10.Bd2 Be4 11.Qc1 Nbd7 12.Ba5 Rc8 13.Nbd2 Bb7 14.Qc2 Qe8 15.b4 Bd6
16.Rfe1 e5 17.Nxe5 Bxg2 18.Nxd7 Nxd7 19.Kxg2 f5 20.e4 fxe4 21.Qxe4 Nf6 22.Qxe8 Rfxe8
23.a3 Rxe1 24.Rxe1 Re8 25.Rxe8+ Nxe8 26.Ne4 Kf7 27.Kf3 Ke6 28.Nc5+ Kd5 29.Ke3 Bxc5
30.dxc5 g5 31.f4 g4 32.Kd3 c6 33.Ke3 Ke6 34.Ke4 Nf6+ 35.Kd4 Kf5  1/2-1/2

[Event "LXXII ch-CRC Fase 2"]
[Site "San Jose CRC"]
[Date "2008.08.24"]
[Round "2"]
[White "Vives,D"]
[Black "Cabrera,Ma"]
[Result "1-0"]
[WhiteElo "2061"]
[BlackElo "2065"]

1.d4 Nf6 2.c4 e6 3.g3 Be7 4.Bg2 d5 5.Nf3 O-O 6.O-O b6 7.Qc2 Bb7 8.b3 Nbd7
9.Rd1 Ne4 10.Bb2 f5 11.Nbd2 Ndf6 12.Ne5 Bb4 13.Ndf3 Ng4 14.Nd3 Be7 15.a4 g5
16.a5 a6 17.Nfe5 Nxe5 18.Nxe5 Bb4 19.f3 Nf6 20.Bc3 Bxc3 21.Qxc3 bxa5 22.Qxa5 c6
23.Qxd8 Rfxd8 24.e3 Nd7 25.Nxd7 Rxd7 26.Bf1 Bc8 27.Rdc1 Bb7 28.Ra5 Kf7 29.Rca1 Bc8
30.b4 Rb8 31.R5a4 dxc4 32.Bxc4 Ke7 33.Kf2 Kd6 34.Ke2 Ra7 35.Kd3 Rb6 36.Kc3 Ra8
37.Ra5 Rab8 38.R1a4 Ra8 39.Bd3 Ke7 40.e4 Kf6 41.Rc5 Rab8 42.f4 g4 43.Rca5 Ra8
44.exf5 exf5 45.Bc4 h6 46.Re5 Rab8 47.Re8 Ra8 48.Rf8+ Kg6 49.Rd8 Kf6 50.Rd6+ Kg7
51.d5 Ra7 52.Rxc6 Rxc6 53.dxc6 Rc7 54.Bd5 Bb7 55.b5 Kf6 56.Kd4 Bc8 57.b6  1-0

[Event "TCh-MNE Premier"]
[Site "Herceg Novi MNE"]
[Date "2008.08.26"]
[Round "2"]
[White "Mihajlovic,V"]
[Black "Saric,Ig"]
[Result "1-0"]
[WhiteElo "2366"]
[BlackElo "2309"]

1.d4 e6 2.c4 d5 3.Nf3 Nf6 4.g3 Be7 5.Bg2 O-O 6.O-O b6 7.Nc3 Bb7 8.Ne5 Qc8
9.cxd5 Nxd5 10.Nxd5 Bxd5 11.e4 Bb7 12.Be3 Nd7 13.Nxd7 Qxd7 14.Qb3 Rac8 15.Rfd1 Rfd8
16.Rac1 Qe8 17.Re1 Qf8 18.a3 c5 19.d5 exd5 20.exd5 Bd6 21.Bd2 Rc7 22.Bc3 Re7
23.Qa4 Bc8 24.Rxe7 Qxe7 25.Re1 Qd7 26.Qh4 Rf8 27.Qg5 Qg4 28.Qe3 h6 29.h3 Qh5
30.Kh2 Bd7 31.f4 f6 32.Qd3 Re8 33.Rxe8+ Qxe8 34.Bf3 Qc8 35.Bxf6 Bf5 36.Be4 c4
37.Qc2 gxf6 38.Bxf5 Qc7 39.Be6+ Kf8 40.Qg6 Qg7 41.Qe4 Qc7 42.Qf5 Qb7 43.a4 Qe7
44.h4 a6 45.Kh3 b5 46.axb5 axb5 47.g4 b4 48.g5 hxg5 49.fxg5 Kg7 50.h5 Kh8
51.gxf6 Qh7 52.Qg6 Bf8 53.d6 c3 54.bxc3 bxc3 55.d7  1-0

[Event "XLII Open"]
[Site "Mislata ESP"]
[Date "2008.08.27"]
[Round "3"]
[White "Franco Alonso,A"]
[Black "Remoli Sargues,L"]
[Result "1-0"]
[WhiteElo "2472"]
[BlackElo "1924"]

1.d4 Nf6 2.c4 e6 3.g3 d5 4.Bg2 Be7 5.Nf3 O-O 6.O-O b6 7.cxd5 exd5 8.Nc3 Bb7
9.Bf4 Bd6 10.Ne5 c6 11.Rc1 Qe7 12.Re1 Nbd7 13.e4 dxe4 14.Nxe4 Bxe5 15.Nxf6+ Qxf6
16.dxe5 Qe6 17.b4 Rfe8 18.Qd6 Rab8 19.b5 c5 20.Qxe6 fxe6 21.Red1 Nf8 22.Rd6 Bxg2
23.Kxg2 Rb7 24.Kf3 Kf7 25.Ke4 h6 26.Rc3 Rd7 27.g4 Red8 28.Rf3 Ke8 29.h4 Rf7
30.Rxd8+ Kxd8 31.Bxh6 Rxf3 32.Bg5+ Ke8 33.Kxf3 Nd7 34.Ke4 Kf7 35.h5 Nf8 36.f4 Nh7
37.Bd8 Ke8 38.Bc7 Nf8 39.Bb8 Kd8 40.g5 Nd7 41.g6 Ke8 42.Bxa7 Kf8 43.a4 Ke7
44.Kd3 Ke8 45.Kc4 Ke7 46.a5  1-0

[Event "ch-ISL"]
[Site "Reykjavik ISL"]
[Date "2008.08.28"]
[Round "2"]
[White "Halldorsson,J"]
[Black "Kjartansson,G"]
[Result "1-0"]
[WhiteElo "2165"]
[BlackElo "2328"]

1.d4 Nf6 2.Nf3 e6 3.c4 d5 4.g3 Be7 5.Bg2 O-O 6.O-O dxc4 7.Qc2 a6 8.a4 Bd7
9.Qxc4 Bc6 10.Nc3 b5 11.Qd3 b4 12.Nb1 Be4 13.Qd1 Nbd7 14.Nbd2 Bb7 15.Nb3 Rc8
16.Bd2 Bd5 17.Rc1 c6 18.h3 Qb6 19.Be3 Rfd8 20.Nfd2 Bxg2 21.Kxg2 c5 22.Nxc5 Nxc5
23.dxc5 Qc6+ 24.Kg1 Nd5 25.Bd4 e5 26.Bxe5 Qe6 27.Bd6 Bxd6 28.cxd6 Rxc1 29.Qxc1 Rxd6
30.Kh2 h5 31.Nf3 g6 32.e3 Qe4 33.Qc8+ Kg7 34.Qc5 Rf6 35.Ng5 Qd3 36.Kg1 Rf5
37.h4 Nf4 38.Qxb4 Ne2+ 39.Kg2 Nxg3 40.Rc1 Ne2 41.Rc8 Qd5+ 42.f3 Rxg5+ 43.hxg5 Kh7
44.Qe7 Qf5 45.Rc5  1-0

[Event "LXXII ch-CRC Fase 2"]
[Site "San Jose CRC"]
[Date "2008.08.28"]
[Round "4"]
[White "Gonzalez,Be CRC"]
[Black "Alfaro Rojas,A"]
[Result "1-0"]
[WhiteElo "2423"]
[BlackElo "2181"]

1.d4 d5 2.c4 e6 3.g3 Nf6 4.Bg2 Be7 5.Nf3 O-O 6.O-O dxc4 7.Qc2 a6 8.Qxc4 b5
9.Qc2 Bb7 10.Bd2 Bd6 11.Rd1 Be4 12.Qc1 Nbd7 13.Bf4 Qb8 14.Nc3 Bb7 15.Ne5 Bxg2
16.Kxg2 c5 17.Nxd7 Nxd7 18.dxc5 Qb7+ 19.f3 Bxf4 20.Qxf4 Nxc5 21.b4 Na4 22.Nxa4 bxa4
23.Rac1 Rab8 24.Rc4 h6 25.Rdc1 Rbc8 26.Rc7 Rxc7 27.Rxc7 Qb6 28.Qc4 a3 29.Rc6 Qb5
30.Qxb5 axb5 31.Ra6 Rc8 32.Rxa3 Rc2 33.Kf2 Kh7 34.Ra5 Rb2 35.a3 Rb3 36.Ke1 Kg6
37.h4 Kf6 38.Kd2 g5 39.Ke1 gxh4 40.gxh4 Ke7 41.Kd2 f5 42.Ra6 Kd7 43.Ke1 f4
44.Kd2 Re3 45.Ra8 Ke7 46.Ra5 Kd6 47.Rxb5 Rxa3 48.Rc5 Rb3 49.Rc4 Rb2+ 50.Kc3 Rxe2
51.Rxf4 Kd5 52.Rd4+ Kc6 53.Re4 Rf2 54.Rxe6+ Kd5 55.Rf6 Re2 56.Rf5+  1-0

[Event "ch-ISL"]
[Site "Reykjavik ISL"]
[Date "2008.08.30"]
[Round "4"]
[White "Danielsen,Hen"]
[Black "Kristjansson,St"]
[Result "1-0"]
[WhiteElo "2526"]
[BlackElo "2477"]

1.Nf3 Nf6 2.c4 e6 3.g3 d5 4.d4 Be7 5.Bg2 O-O 6.Qc2 dxc4 7.Qxc4 a6 8.Bf4 Nd5
9.O-O Nxf4 10.gxf4 Bd6 11.e3 Bd7 12.Qc2 Bc6 13.Nbd2 h6 14.Kh1 Nd7 15.Rg1 Re8
16.Ne5 Bxg2+ 17.Rxg2 Bf8 18.Ne4 Re7 19.Rag1 f5 20.Ng3 Nf6 21.Qb3 Qd5 22.Qxd5 Nxd5
23.Nh5 c5 24.dxc5 Rc7 25.b4 a5 26.b5 a4 27.b6 Re7 28.Ng6 Rf7 29.Ne5 Re7 30.f3 g5
31.fxg5 Nxe3 32.gxh6+ Nxg2 33.Nf6+ Kh8 34.Ng6+  1-0

[Event "Open A"]
[Site "Graz SUI"]
[Date "2008.08.31"]
[Round "2"]
[White "Zupe,M"]
[Black "Pfaffel,T"]
[Result "1-0"]
[WhiteElo "2346"]
[BlackElo "2144"]

1.d4 Nf6 2.c4 e6 3.g3 d5 4.Bg2 Be7 5.Nf3 O-O 6.O-O Nbd7 7.Qc2 Ne4 8.Rd1 c6
9.Nc3 Nxc3 10.bxc3 b6 11.cxd5 cxd5 12.e4 Bb7 13.e5 b5 14.Bf1 Bc6 15.Bd3 g6
16.h4 Nb6 17.Bh6 Re8 18.Qe2 Na4 19.Rac1 Rc8 20.Nh2 Qa5 21.Qf3 Nb2 22.Ng4 Qd8
23.Rd2 Nxd3 24.Rxd3 Rc7 25.Qf4 Kh8 26.Rf3 Rg8 27.Bg5 Bxg5 28.hxg5 Kg7 29.Kg2 Rh8
30.Rh1 Kf8 31.Nf6 Ke7 32.Nxh7 Qg8 33.Nf6 Qg7 34.Rh6 Rcc8 35.g4 Kd8 36.Rfh3 Kc7
37.Kg3 Rhd8 38.Rh7 Qf8 39.Qc1 Kb6 40.Qb2 Rc7 41.Kg2 Rdc8 42.Rf3 Bb7 43.Rh1 Rc4
44.Nd7+  1-0

[Event "SuperLiga-ROM"]
[Site "Eforie Nord ROM"]
[Date "2008.09.02"]
[Round "2"]
[White "Kruppa,Y"]
[Black "Baklan,V"]
[Result "1/2-1/2"]
[WhiteElo "2547"]
[BlackElo "2631"]

1.d4 Nf6 2.c4 e6 3.g3 d5 4.Nf3 Be7 5.Bg2 O-O 6.O-O dxc4 7.Qc2 a6 8.Qxc4 b5
9.Qc2 Bb7 10.Bd2 Bd6 11.Rc1 Be4 12.Qb3 Bd5 13.Qc2 Be4 14.Qb3 Bd5 15.Qc2  1/2-1/2

[Event "TCh-SRB 1st League"]
[Site "Subotica SRB"]
[Date "2008.09.02"]
[Round "2"]
[White "Pavlovic,MiloM"]
[Black "Benkovic,P"]
[Result "1/2-1/2"]
[WhiteElo "2537"]
[BlackElo "2479"]

1.d4 Nf6 2.Nf3 e6 3.c4 d5 4.g3 Be7 5.Bg2 O-O 6.O-O c6 7.Qc2 Nbd7 8.Rd1 b6
9.b3 a5 10.Nbd2 Bb7 11.e4 Qb8 12.e5 Ne8 13.Nf1 a4 14.Bg5 axb3 15.axb3 Rxa1
16.Rxa1 Bxg5 17.Nxg5 g6 18.cxd5 cxd5 19.h4 Ng7 20.Ne3 Qc8 21.Qd2 f6 22.Rc1 Qd8
23.exf6 Nxf6 24.Qc2 Qd7 25.Qe2 Rc8 26.Rxc8+ Bxc8 27.Ng4 Nxg4 28.Qxg4 Qc7
29.Bh3 Qc1+ 30.Kh2 h6 31.Nf3 Qc2 32.Kg2 Qf5 33.Ne5 Qxg4 34.Bxg4 Kh7 35.f4 Ne8
36.h5 gxh5 37.Bxh5 Nf6 38.Be2 Bd7 39.Bd3+ Kg7 40.g4 Be8 41.Kg3 Ng8 42.g5 Ne7
43.Ng4 hxg5 44.fxg5 Bg6 45.Bxg6 Nxg6 46.Kf3 Nh4+ 47.Kf4 Ng6+ 48.Ke3 Kf7 49.Nh2 Ne7
50.Nf3 Nc6 51.Kf4 Kg7  1/2-1/2

[Event "USCL 2008"]
[Site "ICC INT"]
[Date "2008.09.03"]
[Round "2"]
[White "Harper,W"]
[Black "Bayaraa,Z"]
[Result "0-1"]
[WhiteElo "2294"]
[BlackElo "2179"]

1.d4 Nf6 2.c4 e6 3.g3 Be7 4.Bg2 d5 5.Nf3 O-O 6.O-O b6 7.Nc3 Bb7 8.cxd5 exd5
9.Be3 Nbd7 10.Qb3 c6 11.Rad1 Bd6 12.Nh4 g6 13.Bg5 Be7 14.Nf3 Re8 15.Rfe1 a5
16.h3 b5 17.a3 Nb6 18.Ne5 a4 19.Qc2 Nfd7 20.Bxe7 Qxe7 21.Nxd7 Qxd7 22.e4 Nc4
23.f4 Re7 24.g4 f6 25.Qf2 Rae8 26.Re2 Kh8 27.e5 Rf8 28.Qg3 Bc8 29.Na2 fxe5
30.dxe5 Qc7 31.h4 h5 32.g5 Bg4 33.Bf3 Bxf3 34.Qxf3 Rxe5 35.Qc3 Rxf4 36.Rde1 d4
37.Qh3 Rg4+ 38.Kh1 Rxe2 39.Rxe2 Qf4 40.Rh2 Qe4+  0-1

[Event "LXXII ch-CRC Fase 2"]
[Site "San Jose CRC"]
[Date "2008.09.03"]
[Round "8"]
[White "Valdes,Le"]
[Black "Alfaro Rojas,A"]
[Result "1-0"]
[WhiteElo "2408"]
[BlackElo "2181"]

1.Nf3 d5 2.c4 e6 3.g3 Nf6 4.d4 Be7 5.Bg2 O-O 6.O-O dxc4 7.Qc2 a6 8.Qxc4 b5
9.Qc2 Bb7 10.Bf4 Nc6 11.Rd1 Rc8 12.a3 Na5 13.Nc3 Nd5 14.Ne5 f6 15.Nd3 Nxc3
16.Bxb7 Nxd1 17.Bxc8 Qxc8 18.Rxd1 Nc4 19.a4 c6 20.b3 Na5 21.Bd2 Nb7 22.Rc1 Ba3
23.Ra1 Be7 24.axb5 cxb5 25.Qxc8 Rxc8 26.Rxa6 Rc2 27.Ra7 Rxd2 28.Rxb7 Kf8
29.Kf1 b4 30.Ke1  1-0

[Event "X Open"]
[Site "San Marti ESP"]
[Date "2008.09.03"]
[Round "3"]
[White "Beltran Rueda,S"]
[Black "Roche Peris,E"]
[Result "1-0"]
[WhiteElo "2436"]
[BlackElo "2031"]

1.d4 Nf6 2.c4 e6 3.g3 d5 4.Bg2 Be7 5.Nf3 O-O 6.O-O b6 7.Ne5 Bb7 8.Nc3 Nbd7
9.Qa4 Nxe5 10.dxe5 Ne4 11.cxd5 Nxc3 12.bxc3 exd5 13.Rd1 Qe8 14.Qxe8 Rfxe8
15.c4 c6 16.cxd5 cxd5 17.Bxd5 Bxd5 18.Rxd5 Rad8 19.Rxd8 Rxd8 20.Be3 Rd5 21.Rc1 Rxe5
22.Rc7 h6 23.Rxa7 Bc5 24.Bxc5 Rxc5 25.Kg2 b5 26.f4 b4 27.Kf3 Rc2 28.h4 Rb2
29.h5 b3 30.axb3 Rxb3+ 31.e3 f6 32.Ke4 Rb5 33.g4 Kf8 34.Rd7 Ra5 35.Rd5 Ra3
36.Rb5 Kf7 37.Rb7+ Kf8 38.Kf5 Rxe3 39.Kg6 Rg3 40.g5 fxg5 41.f5 Rf3 42.Rf7+ Ke8
43.Rxg7 g4 44.Kf6 g3 45.Rg8+ Kd7 46.Rg6 Rd3 47.Kg7 Ke8 48.Re6+ Kd7 49.Rxh6 Rd6
50.f6 Rd5 51.Rg6 Rxh5 52.f7  1-0

[Event "SuperLiga-ROM"]
[Site "Eforie Nord ROM"]
[Date "2008.09.04"]
[Round "4"]
[White "Gleizerov,E"]
[Black "Miroshnichenko,E"]
[Result "1/2-1/2"]
[WhiteElo "2549"]
[BlackElo "2593"]

1.d4 Nf6 2.c4 e6 3.g3 d5 4.Nf3 Be7 5.Bg2 O-O 6.O-O dxc4 7.Qc2 a6 8.a4 Bd7
9.Qxc4 Bc6 10.Bg5 Bd5 11.Qd3 Be4 12.Qc4 Bd5 13.Qd3 Be4 14.Qc4  1/2-1/2

[Event "17th CRO-chT 1b"]
[Site "Sibenik CRO"]
[Date "2008.09.04"]
[Round "8"]
[White "Marinkovic,M"]
[Black "Ramesa,M"]
[Result "0-1"]
[WhiteElo "1748"]
[BlackElo "2200"]

1.c4 Nf6 2.Nf3 e6 3.g3 d5 4.d4 Be7 5.Bg2 O-O 6.O-O dxc4 7.Qc2 a6 8.Qxc4 b5
9.Qc2 Bb7 10.Nbd2 Nbd7 11.e4 c5 12.e5 Nd5 13.Qe4 Qb6 14.dxc5 Nxc5 15.Qg4 Rac8
16.Nb3 Kh8 17.Nxc5 Rxc5 18.Bg5 h6 19.Qh5 Bxg5 20.Nxg5 Qc7 21.Be4 Nf6 22.exf6 Bxe4
23.fxg7+ Kxg7 24.Qg4 Bg6 25.Nf3 Rc4 26.Qh3 Bf5 27.Qh5 f6 28.Nh4 Bh7 29.Qe2 Re4
30.Qd2 Rd8 31.Rac1 Qb6 32.Rc6 Rxd2 33.Rxb6 h5 34.Rxa6 Rxb2 35.Ng2 Bf5 36.Nf4 Kh6
37.Kg2 Ra4 38.Rb6 Raxa2 39.h4 b4 40.Kg1 b3 41.Nxe6 Rd2 42.Nf4 Bc2 43.Rxf6+ Kh7
44.Re1 Rd1 45.Rxd1 Bxd1 46.Rf7+ Kg8 47.Rd7 Bf3 48.Kh2 b2 49.Nxh5 b1=Q  0-1

[Event "Masters"]
[Site "Trieste ITA"]
[Date "2008.09.04"]
[Round "6"]
[White "Pregarac,V"]
[Black "Rezzuti,V"]
[Result "1-0"]
[WhiteElo "2116"]
[BlackElo "1990"]

1.d4 d5 2.c4 e6 3.Nf3 Nf6 4.g3 Be7 5.Bg2 O-O 6.O-O c6 7.Qc2 b6 8.Nbd2 Bb7
9.b3 Nbd7 10.Bb2 Rc8 11.Rfd1 Re8 12.e4 dxe4 13.Ne5 Nf8 14.Nxe4 Nxe4 15.Bxe4 Qc7
16.c5 f6 17.Nf3 Red8 18.Rac1 bxc5 19.dxc5 Rxd1+ 20.Rxd1 Qa5 21.Rc1 f5 22.Bd3 Ba6
23.a3 Bxd3 24.Qxd3 Rd8 25.Qc4 Rd5 26.b4 Qa4 27.Kg2 h6 28.Qc2 Qa6 29.Re1 Qc8
30.Rd1 Qd8 31.Rd2 Bf6 32.Bxf6 Qxf6 33.Rxd5 exd5 34.b5 Nd7 35.a4 g6 36.Nd4 Nb8
37.Qd3 Qe7 38.Qe3 Qxc5 39.Qe8+ Qf8 40.Qxg6+ Qg7 41.Qxg7+ Kxg7 42.bxc6  1-0

[Event "3rd XtraCon EMT"]
[Site "Borup DEN"]
[Date "2008.09.06"]
[Round "3"]
[White "Grabarczyk,M"]
[Black "Rendboe,J"]
[Result "1-0"]
[WhiteElo "2510"]
[BlackElo "2234"]

1.d4 d5 2.c4 e6 3.Nf3 Nf6 4.g3 Be7 5.Bg2 O-O 6.O-O dxc4 7.Qc2 a6 8.Qxc4 b5
9.Qc2 Bb7 10.Bd2 Nbd7 11.Ba5 Rc8 12.Nbd2 Bd6 13.a4 Qe7 14.axb5 axb5 15.Qb3 Rb8
16.Rfc1 c5 17.dxc5 Nxc5 18.Qe3 h6 19.Ne5 Bxg2 20.Kxg2 Rfc8 21.Qd4 Qb7+ 22.Nef3 Nce4
23.Nxe4 Nxe4 24.Be1 Bc5 25.Qd3 Ng5 26.Ra5 Rd8 27.Qb3 Nxf3 28.Qxf3 Qxf3+ 29.Kxf3 Bd4
30.b3 Rd5 31.e3 Bb6 32.Ra6 Rd3 33.Bc3 Rd5 34.Bb4 Rb7 35.h4 h5 36.Rc8+ Kh7
37.Ke2 Rc7 38.Rxc7 Bxc7 39.Ra7 Bd6 40.Bxd6 Rxd6 41.Rxf7 Rb6 42.Rc7 Kg6 43.Rc5 Kh6
44.Kf3 b4 45.Kf4 Kg6 46.e4 Rd6 47.Rb5 Rd3 48.Rxb4  1-0

[Event "FSGM September"]
[Site "Budapest HUN"]
[Date "2008.09.06"]
[Round "1"]
[White "Berczes,D"]
[Black "Farago,I"]
[Result "1/2-1/2"]
[WhiteElo "2458"]
[BlackElo "2482"]

1.d4 Nf6 2.c4 e6 3.g3 d5 4.Bg2 Be7 5.Nf3 dxc4 6.O-O O-O 7.Qc2 a6 8.Qxc4 b5
9.Qc2 Bb7 10.Bg5 Nbd7 11.Nbd2 Rc8 12.Nb3 c5 13.Bxf6 Nxf6 14.dxc5 Be4 15.Qc3 Bd5
16.Rac1 Bxb3 17.Qxb3 Bxc5  1/2-1/2

[Event "Open"]
[Site "Herzliya ISR"]
[Date "2008.09.07"]
[Round "5"]
[White "Golberg,I"]
[Black "Blass,U"]
[Result "1-0"]
[WhiteElo "2207"]
[BlackElo "2035"]

1.d4 Nf6 2.c4 e6 3.g3 d5 4.Bg2 Be7 5.Nf3 O-O 6.O-O dxc4 7.Ne5 c5 8.dxc5 Bxc5
9.Nxc4 Qe7 10.Nc3 Rd8 11.Qc2 Nd5 12.Nxd5 exd5 13.Ne3 Be6 14.Nf5 Qc7 15.Be3 Bb6
16.Qxc7 Bxc7 17.Rac1 Na6 18.Nd4 Bb6 19.a3 Rac8 20.b4 Bxd4 21.Bxd4 b6 22.Rfd1 Rc4
23.e3 Nc7 24.Bf1 Rxc1 25.Rxc1 Rc8 26.a4 Ne8 27.Rxc8 Bxc8 28.Bb5 Kf8 29.Bc6 Be6
30.a5 Ke7 31.axb6 axb6 32.Bxb6 Nf6 33.Bc5+ Kd8 34.Bd4 Kc7 35.Ba4 Bf5 36.Bxf6 gxf6
37.Kf1 Kd6 38.Ke2 Ke5 39.f4+ Kd6 40.Kd2 Bc8 41.Kc3 Bb7 42.Kd4 h6 43.Bd1 Bc6
44.Bf3 f5 45.Bg2 f6 46.Bf1 Bb7 47.Be2 Bc8 48.Bd3 Bd7 49.Ba6 Ba4 50.b5 Bc2
51.b6 Be4 52.Bb5 Bf3 53.b7 Kc7 54.Bc6  1-0

[Event "7th Open"]
[Site "Izmir TUR"]
[Date "2008.09.07"]
[Round "10"]
[White "Sanikidze,T"]
[Black "Magalashvili,Da"]
[Result "1/2-1/2"]
[WhiteElo "2486"]
[BlackElo "2480"]

1.d4 d5 2.c4 e6 3.Nf3 Nf6 4.g3 Be7 5.Bg2 O-O 6.O-O dxc4 7.Qc2 a6 8.Qxc4 b5
9.Qc2 Bb7 10.Bd2 Be4 11.Qc1 Bb7 12.Qc2 Be4 13.Qc1 Bb7 14.Bf4 Nd5 15.Nc3 Nxf4
16.Qxf4  1/2-1/2

[Event "61st ch-RUS HL"]
[Site "Novokuznetsk RUS"]
[Date "2008.09.07"]
[Round "5"]
[White "Landa,K"]
[Black "Riazantsev,A"]
[Result "1/2-1/2"]
[WhiteElo "2615"]
[BlackElo "2617"]

1.d4 d5 2.c4 e6 3.g3 Nf6 4.Bg2 Be7 5.Nf3 O-O 6.O-O dxc4 7.Qc2 a6 8.a4 Bd7
9.Qxc4 Bc6 10.Bg5 Bd5 11.Qd3 Be4 12.Qc4 Bd5 13.Qd3 Be4 14.Qc4 Bd5  1/2-1/2

[Event "5th LGA Premium Cup"]
[Site "Nuernberg GER"]
[Date "2008.09.07"]
[Round "7"]
[White "Donchenko,An"]
[Black "Seyb,A"]
[Result "1/2-1/2"]
[WhiteElo "2399"]
[BlackElo "2243"]

1.Nf3 Nf6 2.c4 e6 3.g3 d5 4.Bg2 Be7 5.d4 O-O 6.O-O dxc4 7.Qc2 a6 8.Qxc4 b5
9.Qc2 Bb7 10.Bd2 Ra7 11.Rc1 Be4 12.Qb3 Nc6 13.e3 Qa8 14.Qd1 Nb8 15.Ba5 Rc8
16.Nbd2 Bd5 17.Bb6 Rb7 18.Bc5 Bxc5 19.dxc5 Nc6 20.a3 Rbb8 21.Qc2 e5 22.e4 Be6
23.Qc3  1/2-1/2

[Event "TCh-ESP Hon Gp2"]
[Site "Sabadell ESP"]
[Date "2008.09.07"]
[Round "5"]
[White "Harikrishna,P"]
[Black "Jakovenko,D"]
[Result "1/2-1/2"]
[WhiteElo "2668"]
[BlackElo "2709"]

1.d4 Nf6 2.c4 e6 3.Nf3 d5 4.g3 Be7 5.Bg2 O-O 6.O-O dxc4 7.Qc2 a6 8.Qxc4 b5
9.Qc2 Bb7 10.Bd2 Bd6 11.Re1 Be4 12.Qc1 Bb7 13.Qc2 Be4 14.Qc1 Bb7  1/2-1/2

[Event "Open"]
[Site "Herzliya ISR"]
[Date "2008.09.10"]
[Round "7"]
[White "Haimovich,T"]
[Black "Gershkowich,D"]
[Result "1/2-1/2"]
[WhiteElo "2425"]
[BlackElo "2342"]

1.Nf3 d5 2.c4 e6 3.g3 Nf6 4.Bg2 Be7 5.d4 O-O 6.Qc2 Nbd7 7.O-O b6 8.cxd5 exd5
9.Bf4 c5 10.Nc3 Bb7 11.Rfd1 Rc8 12.Rac1 a6 13.dxc5 Bxc5 14.Qb3 b5 15.e3 b4
16.Na4 Be7 17.Rxc8 Qxc8 18.Ne5 g5 19.Nxd7 Nxd7 20.Bxg5 Bxg5 21.Qxb4 Nf6 22.Nc5 Bc6
23.Rc1 Bb5 24.a4 Be2 25.Qd2 Bg4 26.Qd4 Qf5 27.f4 Bh6 28.Nxa6 Bg7 29.Nb4 Rc8
30.Rxc8+ Qxc8 31.Qc3 Qe8 32.a5 Qa4 33.h3 Qd1+ 34.Kh2 Bxh3 35.Bxh3 Qe2+ 36.Kg1 Ne4
37.Qc8+ Bf8 38.Qg4+ Qxg4 39.Bxg4 Bxb4 40.a6 Bc5 41.Kg2 Bxe3 42.b4 Bb6 43.Bf5 Nc3
44.Kf3 h6 45.Bc2 d4 46.Bf5 Kg7 47.Kf2 Nd5 48.b5 d3+ 49.Ke1 Ba5+ 50.Kf2 d2
51.Bc2 Nc3 52.Ke3 d1=Q 53.Bxd1 Nxd1+ 54.Kd4 Nc3 55.Kc5 Na4+ 56.Kc6 Bb6 57.Kb7 Kg6
58.a7 Bxa7 59.Kxa7 Kf5 60.Ka6 Kg4 61.Ka5 Nc5 62.b6 Kf5 63.Kb5 Nd7 64.b7 Ke6
65.Kc6 f5 66.Kb5 Kd5 67.Kb4 h5 68.Kb5 Nb8 69.Kb6 Kd6 70.Kb5 Kd5 71.Kb6 Nd7+
72.Kb5 Kd6 73.Kc4 Nb8 74.Kb5 Nc6 75.Kb6 Kd7 76.Kc5 Kc7 77.Kd5 Kd7 78.Kc5  1/2-1/2

[Event "IV Geller Memorial"]
[Site "Odessa UKR"]
[Date "2008.09.10"]
[Round "2"]
[White "Polyakov,M"]
[Black "Ostrovskiy,And"]
[Result "1/2-1/2"]
[WhiteElo "2283"]
[BlackElo "2445"]

1.Nf3 Nf6 2.c4 e6 3.g3 d5 4.d4 Be7 5.Bg2 O-O 6.O-O c6 7.Bf4 Nbd7 8.Qc2 Nh5
9.Be3 Nhf6 10.Bf4 Nh5 11.Be3 Nhf6 12.Bf4 Nh5  1/2-1/2

[Event "61st ch-RUS HL"]
[Site "Novokuznetsk RUS"]
[Date "2008.09.11"]
[Round "8"]
[White "Chadaev,N"]
[Black "Ovetchkin,R"]
[Result "1-0"]
[WhiteElo "2535"]
[BlackElo "2558"]

1.d4 Nf6 2.Nf3 d5 3.c4 e6 4.g3 Be7 5.Bg2 O-O 6.O-O c6 7.Qc2 b5 8.c5 a5 9.Nbd2 Nbd7
10.e4 Nxe4 11.Nxe4 dxe4 12.Qxe4 Nf6 13.Qc2 Bb7 14.Re1 Nd5 15.Bd2 Re8 16.Rad1 a4
17.a3 Ra7 18.h4 h6 19.Ne5 Bf8 20.Qe4 Ba8 21.Qg4 Nf6 22.Qe2 Nd5 23.Be4 g6
24.Bg2 Bg7 25.Qd3 Ne7 26.Bf4 Nd5 27.Bxd5 Qxd5 28.Ng4 Qh5 29.Qe2 f6 30.Bxh6 Bh8
31.Be3 Rh7 32.Nh2 Qxe2 33.Rxe2 Bb7 34.Bf4 Bc8 35.Kg2 e5 36.dxe5 fxe5 37.Rd6 Rd7
38.Rxg6+ Kf7 39.h5 Rde7 40.Bd2 Re6 41.Rxe6 Kxe6 42.Bc3 Kd5 43.f4 Kxc5 44.Bxe5 Be6
45.Bxh8 Bd5+ 46.Kf2 Rxh8 47.g4 b4 48.Nf3 bxa3 49.bxa3 Rb8 50.h6  1-0

[Event "FSIMB September"]
[Site "Budapest HUN"]
[Date "2008.09.12"]
[Round "7"]
[White "Ruecker,B"]
[Black "Li Panru"]
[Result "1-0"]
[WhiteElo "2246"]
[BlackElo "2104"]

1.Nf3 d5 2.d4 e6 3.c4 Be7 4.g3 Nf6 5.Bg2 O-O 6.O-O dxc4 7.Qc2 c5 8.dxc5 Nbd7
9.c6 bxc6 10.Nd4 Ne5 11.Nxc6 Nxc6 12.Bxc6 Rb8 13.Qxc4 Qb6 14.Nc3 Ba6 15.Qa4 Rfc8
16.Bf3 Rc4 17.Be3 Qd6 18.Rfd1 Nd5 19.Qa5 Bd8 20.Nxd5 Bxa5 21.Nf6+ gxf6 22.Rxd6 Bb6
23.Bxb6 axb6 24.Rad1 Rc2 25.R1d2 Rxd2 26.Rxd2 Bb7 27.Kg2 b5 28.a3 f5 29.Rd7 Bxf3+
30.Kxf3 b4 31.a4 b3 32.Rd4 e5 33.Rc4 Kg7 34.Ke3 e4 35.a5 Kf6 36.a6 Ra8 37.Ra4 Ke6
38.Kd4 Kd6 39.Kc4 Kc6 40.Kxb3 Kb6 41.a7 h5 42.Kc4  1-0

[Event "58th ch-HUN KO"]
[Site "Nyiregyhaza HUN"]
[Date "2008.09.12"]
[Round "1.1"]
[White "Horvath,Cs1"]
[Black "Horvath,Ad1"]
[Result "1/2-1/2"]
[WhiteElo "2537"]
[BlackElo "2513"]

1.Nf3 Nf6 2.c4 e6 3.g3 d5 4.Bg2 Be7 5.d4 O-O 6.O-O c6 7.Qc2 b6 8.Nbd2 Nbd7
9.e4 Ba6 10.b3 Rc8 11.Rd1 c5 12.exd5 exd5 13.Bb2 Re8 14.Qf5 g6 15.Qh3 cxd4
16.Nxd4 Nc5 17.Nf1 Qc7 18.Ne3 dxc4  1/2-1/2

[Event "IV Geller Memorial"]
[Site "Odessa UKR"]
[Date "2008.09.12"]
[Round "4"]
[White "Dmitriev,Ig"]
[Black "Smirnov,I UKR"]
[Result "1/2-1/2"]
[WhiteElo "2364"]
[BlackElo "2504"]

1.d4 Nf6 2.g3 e6 3.Bg2 d5 4.Nf3 Be7 5.c4 O-O 6.O-O c6 7.Nc3 Nbd7 8.cxd5 exd5
9.Ne1 Nb6 10.Nd3 Bf5 11.f3 Re8 12.b3 Bf8 13.Bb2 Rc8 14.Kh1 Nbd7 15.Qd2 Qe7
16.g4 Bxd3 17.Qxd3 Qe3 18.Qxe3 Rxe3 19.Rfc1 Rce8 20.Bf1 Bd6 21.Rc2 Nf8 22.Nd1 R3e7
23.e3 h5 24.h3 hxg4 25.hxg4 Ng6 26.Kg2 Nh7 27.Kf2 Ng5 28.Bc1 Nh4 29.Bg2 Nxg2
30.Kxg2 f6 31.a4 Kf7 32.Ba3 Ke6 33.Bxd6 Kxd6 34.b4 Ne6 35.Rac1 Nc7 36.Kg3 Rh8
37.Rh2 Rxh2 38.Kxh2 Re8 39.Kg3 Na6 40.Rb1 Nb8 41.Kf2 Rh8 42.Kg2 Re8 43.Kf2 Rh8
44.Kg2  1/2-1/2

[Event "XXV Aniversario"]
[Site "Parla ESP"]
[Date "2008.09.12"]
[Round "7"]
[White "Ferreira,H"]
[Black "Ortega Morales,P"]
[Result "1-0"]
[WhiteElo "2151"]
[BlackElo "1932"]

1.d4 Nf6 2.Nf3 d5 3.c4 e6 4.g3 Be7 5.Bg2 O-O 6.Nbd2 b6 7.Ne5 Bb7 8.Qa4 Qe8
9.Qc2 Nbd7 10.O-O c5 11.Nxd7 Qxd7 12.dxc5 bxc5 13.cxd5 exd5 14.Rd1 Qb5 15.e3 Rfd8
16.b3 Ng4 17.Nf3 Bf6 18.Bb2 Bxb2 19.Qxb2 Nf6 20.Rac1 a5 21.a4 Qb6 22.Qc2 Ne4
23.Nd2 Nxd2 24.Rxd2 Rac8 25.Rcd1 Qe6 26.Qc3 Qb6 27.Bxd5 Rxd5 28.Rxd5 Bxd5
29.Rxd5 g6 30.h4 h5 31.Kg2 Qc6 32.e4 c4 33.Kf3 f5 34.Qxc4 fxe4+ 35.Qxe4 Rf8+
36.Kg2 Qf6 37.Rd2 Qf7 38.Qd5 Rb8 39.Qxf7+ Kxf7 40.Rd5 Rxb3 41.Rxa5 Ra3 42.Ra8 Kf6
43.a5  1-0

[Event "I Liga Seniorow"]
[Site "Ustron POL"]
[Date "2008.09.12"]
[Round "7"]
[White "Kalinin,O"]
[Black "Zeberski,J"]
[Result "0-1"]
[WhiteElo "2356"]
[BlackElo "2396"]

1.d4 d5 2.c4 e6 3.Nf3 Nf6 4.g3 Be7 5.Bg2 O-O 6.Nc3 dxc4 7.Ne5 Nc6 8.Bxc6 bxc6
9.Nxc6 Qe8 10.Nxe7+ Qxe7 11.Qa4 c5 12.Qxc4 cxd4 13.Qxd4 Rd8 14.Qh4 Rb8 15.O-O Rb4
16.e4 h6 17.f3 Rd3 18.g4 Ba6 19.Rf2 Qc5 20.Kg2 Nh7 21.Qg3 Nf8 22.a3 Rb3 23.Rc2 Rbxc3
24.bxc3 Rxc3 25.Rf2 Rxc1 26.Rxc1 Qxc1 27.Qd6 Bc4 28.h4 Ng6 29.h5 Nf4+ 30.Kh2 Ne2
31.Kh3 Qe1 32.Qh2 Nf4+  0-1

[Event "II ROMGAZ Open"]
[Site "Bucharest ROU"]
[Date "2008.09.13"]
[Round "3"]
[White "Miroshnichenko,E"]
[Black "Berescu,A"]
[Result "1-0"]
[WhiteElo "2593"]
[BlackElo "2489"]

1.d4 e6 2.Nf3 Nf6 3.c4 d5 4.g3 Be7 5.Bg2 Nbd7 6.Nbd2 O-O 7.O-O c6 8.Qc2 b6
9.e4 Bb7 10.b3 Rc8 11.Bb2 dxe4 12.Nxe4 c5 13.Nxf6+ Nxf6 14.d5 exd5 15.Ng5 h6
16.Bxf6 hxg5 17.Bxe7 Qxe7 18.Rfe1 Qf6 19.Rad1 Rcd8 20.cxd5 Rd7 21.Re3 Rfd8
22.Qe2 g6 23.Re5 g4 24.Qe3 Kg7 25.f4 gxf3 26.Bxf3 b5 27.Rf1 Qb6 28.Bg4 Rc7
29.Rd1 Qf6 30.Be6 Kg8 31.Rf1 Qg7 32.Qg5 Rd6 33.Bxf7+ Kh7 34.Qh4+ Qh6 35.Bg8+ Kg7
36.Re7+  1-0